| 000 | 03809nam a22004337a 4500 | ||
|---|---|---|---|
| 005 | 20090206101622.0 | ||
| 008 | 090206t xxu||||| |||| 00| 1 eng d | ||
| 010 | _aB-332446-461 | ||
| 020 |
_a9780340959787 _c150.00 |
||
| 035 | _aB-332446-461 | ||
| 037 | _bBlueberry Books | ||
| 040 |
_adpl _bEnglish |
||
| 082 | _aS | ||
| 100 | _aBlyton, Enid | ||
| 245 |
_aThe case of the impolite, snarly things / The case of the sticks and their tricks / _cby Enid Blyton |
||
| 260 |
_aLondon _bHodder Childern's Books _c2008 |
||
| 270 |
_a338 Euston Road _bLondon _eNW1 3 BH |
||
| 300 |
_a60p.:65p _c20cm (pbk) _bill. |
||
| 490 | _aFamous 5 on the case: case files 3 and 4 | ||
| 500 | _a2 books bound in one vol. | ||
| 942 |
_2ddc _cCH _hS _mBLY |
||
| 999 |
_c23113 _d23113 |
||